000 00542nam a2200217Ia 4500
008 101110s9999 xx 000 0 und d
041 _aENGLISH
082 _bSR25109
100 _aBhattacharya S.S;Ansari A.S.Yeragi
245 _aZoology S.Y.Bsc Vol.II
260 _c2003
_bSheth Mumbai
300 _a331
365 _b135
520 _aBiology/Zoology
546 _aENGLISH
630 _aZoology S.Y.Bsc Vol.II
650 _aBiology/Zoology
655 _aBiology/Zoology
730 _aZoology S.Y.Bsc Vol.II
942 _cBOOK
999 _c817761
_d817758